000 01119cam a2200337 a 4500
001 2168
003 FISKH
005 20231108104308.0
008 910723s1992 wiua j 000 0 eng
010 _a 91073791
020 _a0307102459
020 _a033500980572
040 _aDLC
_cDLC
_dDLC
_beng
042 _alcac
050 0 0 _aPZ8.3.A4197
_bWh 1992
082 0 0 _a[E]
_220
100 1 _aAlley, R. W.,
_d1955-
245 1 4 _aThe wheels on the bus /
_cillustrated by R.W. Alley.
260 _aRacine :
_bGolden Book,
_c1992.
300 _a24 unnumbered pages :
_bcolor illustrations ;
_c16 cm
490 0 _aA First little golden book
505 _aE
520 _aIn this version of the classic song, the wheels go round, the wipers go swish, the money goes clink, the people go up and down, and so on, all around the town. Printed music at the end.
521 8 _a200
_bLexile estimate
521 8 _aE
_bRaz-Plus
650 0 _aChildren's songs
_xTexts.
650 1 _aBuses
_xSongs and music.
650 1 _aSongs.
906 _a7
_bcbc
_corignew
_d2
_eopcn
_f19
_gy-gencatlg
942 _2ddc
_cBK
_n0
999 _c2168
_d2168